[Event "131st YMCA Autumn A"]
[Site "Warszawa"]
[Date "2013.11.22"]
[Round "9"]
[White "Rozycki, Bartlomiej"]
[Black "Zurkowski, Andrzej"]
[Result "1/2-1/2"]
[WhiteElo "2002"]
[BlackElo "2003"]
[Annotator "Admin"]
[PlyCount "95"]
[EventDate "2013.09.20"]
[EventType "tourn"]
[EventRounds "1"]
[EventCountry "POL"]
[SourceDate "2013.09.20"]

1. d4 c5 2. d5 e5 3. e4 d6 4. Bb5+ Nd7 5. a4 Be7 6. Nf3 a6 7. Be2 Ngf6 8. Nc3
O-O 9. O-O Ne8 10. a5 Nc7 11. Nd2 b5 12. axb6 Nxb6 13. Nc4 Nxc4 14. Bxc4 Bg5
15. Qe2 Bxc1 16. Rfxc1 Qg5 17. Rf1 Rb8 18. b3 Nb5 19. Bxb5 axb5 20. Nxb5 Bh3
21. f4 exf4 22. Nxd6 Rb6 23. Qf3 Rxd6 24. Qxh3 Qe5 25. Qf3 Rf6 26. c4 Re8 27.
Rfd1 g5 28. b4 cxb4 29. c5 b3 30. Qxb3 Qxe4 31. Qd3 Qb4 32. Qd4 Re1+ 33. Kf2
Qxd4+ 34. Rxd4 Rxa1 35. d6 $11 Ra8 36. c6 Rc8 37. h4 h6 38. c7 Rxd6 39. Rxd6
Rxc7 40. Rxh6 g4 41. Rf6 Rc2+ 42. Kf1 Rc4 43. Rf5 g3 44. Ke2 Rc2+ 45. Kf3 Rf2+
46. Kg4 Rxg2 47. Rg5+ Kh7 48. Kxf4 1/2-1/2

[Event "131st YMCA Autumn A"]
[Site "Warszawa"]
[Date "2013.11.22"]
[Round "9"]
[White "Kubeczko, Grzegorz"]
[Black "Delega, Tomasz"]
[Result "0-1"]
[WhiteElo "1999"]
[BlackElo "2094"]
[Annotator "Admin"]
[PlyCount "69"]
[EventDate "2013.09.20"]
[EventType "tourn"]
[EventRounds "1"]
[EventCountry "POL"]
[SourceDate "2013.09.20"]

1. c4 b6 2. Nc3 Bb7 3. e4 e5 4. g3 f5 5. Bg2 Nf6 6. Nge2 fxe4 7. d3 Bb4 8. O-O
O-O 9. dxe4 Bxc3 10. Nxc3 d6 11. Bg5 Nbd7 12. Nd5 h6 13. Be3 a5 14. f3 Nc5 15.
g4 Nxd5 16. exd5 Qh4 17. Qd2 Rae8 18. Rae1 Bc8 19. Bf2 Qf6 20. h4 Qg6 21. h5
Qf6 22. Be3 Qh4 23. Bf2 Qd8 24. Be3 Qh4 25. Bf2 $11 Qe7 26. Re3 Rf4 27. b3 Ref8
28. Qe1 Qf7 29. Bh4 g5 30. hxg6 Qxg6 31. Qg3 Rd4 32. Be7 Rf7 33. Bd8 Rd2 34. a3
Nd3 35. f4 $138 0-1

[Event "131st YMCA Autumn A"]
[Site "Warszawa"]
[Date "2013.11.20"]
[Round "9"]
[White "Szymczak, Rafal"]
[Black "Nowak, Lukasz"]
[Result "1/2-1/2"]
[WhiteElo "2086"]
[BlackElo "2038"]
[Annotator "Admin"]
[PlyCount "122"]
[EventDate "2013.09.20"]
[EventType "tourn"]
[EventRounds "1"]
[EventCountry "POL"]
[SourceDate "2013.09.20"]

1. f4 g6 2. g3 Bg7 3. Bg2 d5 4. d4 c6 5. c3 Nd7 6. e4 dxe4 7. Bxe4 Ngf6 8. Bg2
O-O 9. Nf3 c5 10. O-O cxd4 11. Nxd4 Nc5 12. Nd2 Bg4 13. N2f3 Qc8 14. Qc2 Rd8
15. Be3 Nd5 16. Bf2 Ne6 17. Nxe6 Bxe6 18. Rad1 Bh3 19. Bxh3 Qxh3 20. Qe4 Qf5
21. Rfe1 e6 22. Qxf5 gxf5 23. Bd4 Nf6 24. Kf1 Ne4 25. Ke2 Bxd4 26. Rxd4 Rxd4
27. Nxd4 Rd8 28. Rd1 Rd6 29. Nf3 Rb6 30. Rd8+ Kg7 31. b3 Nxc3+ 32. Kd2 Nxa2 33.
Rd7 Rxb3 34. Ng5 Rb2+ 35. Ke3 Nc3 36. Nxe6+ Kf6 37. Nd8 b5 38. Rxf7+ Kg6 39.
Rxa7 Rxh2 40. Kd4 Rd2+ 41. Kxc3 Rxd8 42. Rb7 Rd1 43. Rxb5 Rg1 44. Kd4 Rxg3 45.
Rb8 Ra3 46. Rg8+ Kf7 47. Rg5 Ra4+ 48. Ke3 Re4+ 49. Kf3 Kf6 50. Rh5 Re7 51. Rh6+
Kg7 52. Rh5 Kg6 53. Rg5+ Kf6 54. Rh5 Rf7 55. Rh1 Ke6 56. Re1+ Kf6 57. Rh1 Ra7
58. Rh5 Ra3+ 59. Kf2 Ra5 60. Rxh7 Ke6 61. Kg3 Ra4 $11 1/2-1/2

[Event "131st YMCA Autumn A"]
[Site "Warszawa"]
[Date "2013.11.26"]
[Round "10"]
[White "Sanz Losada, Victoriano"]
[Black "Nowak, Lukasz"]
[Result "1/2-1/2"]
[WhiteElo "2083"]
[BlackElo "2038"]
[PlyCount "93"]
[EventDate "2013.09.20"]
[EventType "tourn"]
[EventRounds "1"]
[EventCountry "POL"]
[SourceDate "2013.09.20"]

1. d4 Nf6 2. c4 e6 3. Nf3 d5 4. Nc3 dxc4 5. e3 a6 6. Bxc4 b5 7. Bb3 Bb7 8. O-O
c5 9. Qe2 Nbd7 10. Rd1 Qb8 11. d5 exd5 12. Nxd5 Nxd5 13. Bxd5 Bxd5 14. Rxd5 Be7
15. e4 Qb7 16. b4 Nf6 17. Re5 Nd7 18. Rd5 Nb6 19. Rh5 Nc4 20. bxc5 Rc8 21. Bf4
Rxc5 22. e5 g6 23. Rh3 h5 24. Rg3 h4 25. Rg4 Qd7 26. h3 Rh5 27. Re1 Rf5 28.
Nxh4 Rxf4 29. Rxf4 g5 30. Rxf7 Rxe5 31. Rxe7+ Qxe7 32. Qh5+ Kd7 33. Rd1+ Kc8
34. Nf3 Re2 35. a4 Ne5 36. Rc1+ Kb7 37. Nxe5 Rxe5 38. Qf3+ Ka7 39. Qc3 b4 40.
Qd4+ Kb7 41. Kh2 a5 42. Qg4 Qe6 43. Qf3+ Qd5 44. Qf8 Qd7 45. Qf3+ Qd5 46. Qf8
Qd7 47. Qf3+ 1/2-1/2

[Event "131st YMCA Autumn A"]
[Site "Warszawa"]
[Date "2013.11.29"]
[Round "10"]
[White "Delega, Tomasz"]
[Black "Szymczak, Rafal"]
[Result "0-1"]
[WhiteElo "2094"]
[BlackElo "2086"]
[PlyCount "72"]
[EventDate "2013.09.20"]
[EventType "tourn"]
[EventRounds "1"]
[EventCountry "POL"]
[SourceDate "2013.09.20"]

1. d4 d5 2. Nf3 e6 3. Nc3 f5 4. g3 Nf6 5. Bg2 c5 6. e3 Nc6 7. O-O Be7 8. Ne2
O-O 9. Nf4 Ne4 10. h4 Bd7 11. c4 dxc4 12. d5 exd5 13. Qxd5+ Kh8 14. Qxc4 b5 15.
Qe2 c4 16. Nd4 Qb6 17. Rd1 Ne5 18. Bd2 Rad8 19. Be1 Bc8 20. a4 b4 21. a5 Qa6
22. Ra4 Bd7 23. Raa1 Rb8 24. Nf3 Nxf3+ 25. Bxf3 Bb5 26. Qc2 b3 27. Qb1 Bc6 28.
Nd5 Bf6 29. Nb4 Qc8 30. Nxc6 Qxc6 31. Qc1 Bxb2 32. Bxe4 Qf6 33. Qxc4 Bxa1 34.
Bb1 Rfc8 35. Qf4 g6 36. Bb4 Be5 0-1

[Event "131st YMCA Autumn A"]
[Site "Warszawa"]
[Date "2013.11.29"]
[Round "10"]
[White "Zurkowski, Andrzej"]
[Black "Kubeczko, Grzegorz"]
[Result "1/2-1/2"]
[WhiteElo "2003"]
[BlackElo "1999"]
[Annotator "Admin"]
[PlyCount "21"]
[EventDate "2013.09.20"]
[EventType "tourn"]
[EventRounds "1"]
[EventCountry "POL"]
[SourceDate "2013.09.20"]

1. d4 d5 2. Nf3 Nf6 3. e3 e6 4. Bd3 Bd6 5. O-O O-O 6. b3 Qe7 7. Bb2 b6 8. Nbd2
Bb7 9. Re1 Nbd7 10. Nf1 Rfd8 11. Ng3 $11 1/2-1/2

[Event "131st YMCA Autumn A"]
[Site "Warszawa"]
[Date "2013.12.05"]
[Round "10"]
[White "Kielar, Maciej"]
[Black "Rozycki, Bartlomiej"]
[Result "1-0"]
[WhiteElo "2103"]
[BlackElo "2002"]
[PlyCount "27"]
[EventDate "2013.09.20"]
[EventType "tourn"]
[EventRounds "1"]
[EventCountry "POL"]
[SourceDate "2013.09.20"]

1. e4 c5 2. c3 d6 3. Nf3 Nc6 4. d4 cxd4 5. Nxd4 Nf6 6. Bc4 a6 7. O-O Nxd4 8.
Qxd4 b5 9. Bb3 g6 10. e5 dxe5 11. Bxf7+ Kxf7 12. Qxd8 Bg7 13. Qc7 e4 14. Bg5
1-0

[Event "131st YMCA Autumn A"]
[Site "Warszawa"]
[Date "2013.09.27"]
[Round "10"]
[White "Sawicki, Mikolaj"]
[Black "Choroszej, Aleksander"]
[Result "1-0"]
[WhiteElo "2004"]
[BlackElo "2190"]
[PlyCount "55"]
[EventDate "2013.09.20"]
[EventType "tourn"]
[EventRounds "1"]
[EventCountry "POL"]
[SourceDate "2013.09.20"]

1. e4 g6 2. d4 Bg7 3. Nc3 d6 4. Be3 a6 5. Qd2 Nd7 6. h4 h5 7. Nh3 b5 8. Ng5 Bb7
9. O-O-O Nh6 10. f4 O-O 11. e5 e6 12. Bd3 Qe7 13. Nce4 Rfd8 14. Qe2 Rac8 15.
Kb1 Ng4 16. Bg1 d5 17. Nf2 Nxf2 18. Bxf2 c5 19. dxc5 Nxc5 20. Bxc5 Qxc5 21. g4
d4 22. Rh2 hxg4 23. Qxg4 Qe7 24. h5 gxh5 25. Rxh5 f5 26. exf6 Qxf6 27. Nxe6 Re8
28. Nxg7 1-0

[Event "131st YMCA Autumn A"]
[Site "Warszawa"]
[Date "2013.12.04"]
[Round "10"]
[White "Malec, Sebastian"]
[Black "Liberadzki, Slawomir"]
[Result "1-0"]
[WhiteElo "2161"]
[BlackElo "2090"]
[PlyCount "63"]
[EventDate "2013.09.20"]
[EventType "tourn"]
[EventRounds "1"]
[EventCountry "POL"]
[SourceDate "2013.09.20"]

1. e4 c5 2. Nf3 e6 3. d4 cxd4 4. Nxd4 Nc6 5. Nc3 Qc7 6. Be2 a6 7. O-O Nf6 8.
Be3 Be7 9. f4 d6 10. Nb3 O-O 11. Bd3 Rd8 12. Na4 Nd7 13. c4 Na5 14. Rc1 Nxb3
15. axb3 Nc5 16. Bb1 Nxa4 17. bxa4 Bd7 18. Qb3 Qc6 19. a5 Rdc8 20. Qd3 e5 21.
f5 Bd8 22. b4 b6 23. axb6 Bxb6 24. c5 dxc5 25. bxc5 Bd8 26. Ba2 Qc7 27. Rf3 Bb5
28. Qd1 Bc6 29. Rh3 Bxe4 30. Qh5 h6 31. Bxh6 g6 32. Qxg6+ 1-0

[Event "131st YMCA Autumn A"]
[Site "Warszawa"]
[Date "2013.10.30"]
[Round "11"]
[White "Liberadzki, Slawomir"]
[Black "Sanz Losada, Victoriano"]
[Result "1/2-1/2"]
[WhiteElo "2090"]
[BlackElo "2083"]
[Annotator "Admin"]
[PlyCount "73"]
[EventDate "2013.09.20"]
[EventType "tourn"]
[EventRounds "1"]
[EventCountry "POL"]
[SourceDate "2013.09.20"]

1. e4 c5 2. c3 d5 3. exd5 Qxd5 4. d4 Nc6 5. Nf3 Bg4 6. Be2 cxd4 7. cxd4 e6 8.
Nc3 Qa5 9. O-O Rd8 10. Be3 Bd6 11. h3 Bh5 12. Qb3 Qb4 13. Ne4 Qxb3 14. Nxd6+
Rxd6 15. axb3 Bxf3 16. Bxf3 Nge7 17. d5 Nxd5 18. Bxa7 Nxa7 19. Rxa7 Rd7 20.
Bxd5 Rxd5 21. Rxb7 O-O 22. Rc1 Rd2 23. Rcc7 Rxb2 $11 24. g4 g5 25. b4 Kg7 26.
b5 Kg6 27. b6 h5 28. Re7 hxg4 29. hxg4 Rb4 30. Kf1 Kf6 31. Red7 Ke5 32. Rxf7
Rxf7 33. Rxf7 Rxb6 34. Kg2 Rb2 35. Rf8 Ra2 36. Kg3 Rb2 37. Rf7 $11 1/2-1/2

[Event "131st YMCA Autumn A"]
[Site "Warszawa"]
[Date "2013.12.05"]
[Round "11"]
[White "Choroszej, Aleksander"]
[Black "Malec, Sebastian"]
[Result "1/2-1/2"]
[WhiteElo "2190"]
[BlackElo "2161"]
[Annotator "Admin"]
[PlyCount "50"]
[EventDate "2013.09.20"]
[EventType "tourn"]
[EventRounds "1"]
[EventCountry "POL"]
[SourceDate "2013.09.20"]

1. d4 Nf6 2. c4 e6 3. Nc3 Bb4 4. f3 c5 5. d5 Bxc3+ 6. bxc3 d6 7. e4 O-O 8. Bd3
Qa5 9. Ne2 Nbd7 10. Bg5 b5 11. cxb5 exd5 12. exd5 Bb7 13. O-O c4 14. Bxc4 Rac8
15. Bd3 Bxd5 16. Nf4 Bc4 17. Bxc4 Rxc4 18. Bxf6 Nxf6 19. Nd5 Nxd5 20. Qxd5 Qxc3
$11 21. Qxd6 Ra4 22. Qd5 Qa5 23. Rfd1 h6 24. h3 Rb8 25. Rd2 Qxb5 $11 1/2-1/2

[Event "131st YMCA Autumn A"]
[Site "Warszawa"]
[Date "2013.11.08"]
[Round "11"]
[White "Rozycki, Bartlomiej"]
[Black "Sawicki, Mikolaj"]
[Result "1-0"]
[WhiteElo "2002"]
[BlackElo "2004"]
[PlyCount "67"]
[EventDate "2013.09.20"]
[EventType "tourn"]
[EventRounds "1"]
[EventCountry "POL"]
[SourceDate "2013.09.20"]

1. d4 Nf6 2. c4 g6 3. Nc3 d5 4. cxd5 Nxd5 5. e4 Nxc3 6. bxc3 Bg7 7. Bc4 c5 8.
Be3 O-O 9. Ne2 cxd4 10. cxd4 Nc6 11. O-O Na5 12. Bd3 b6 13. Qd2 Bb7 14. Rac1
Qd7 15. d5 e6 16. Qb4 exd5 17. Bb5 Qe6 18. exd5 Qxd5 19. Nf4 Qxa2 20. Bd7 Qb2
21. Qd6 Qe5 22. Qa3 Rfd8 23. Rfd1 Bc6 24. Nd3 Qe4 25. Bxc6 Nxc6 26. h3 Na5 27.
Rc7 Rac8 28. Rxa7 Rc3 29. Qa2 Qc4 30. Qxc4 Nxc4 31. Nb2 Rxd1+ 32. Nxd1 Rd3 33.
Ra8+ Bf8 34. Bh6 1-0

[Event "131st YMCA Autumn A"]
[Site "Warszawa"]
[Date "2013.11.27"]
[Round "11"]
[White "Kubeczko, Grzegorz"]
[Black "Kielar, Maciej"]
[Result "0-1"]
[WhiteElo "1999"]
[BlackElo "2103"]
[PlyCount "56"]
[EventDate "2013.09.20"]
[EventType "tourn"]
[EventRounds "1"]
[EventCountry "POL"]
[SourceDate "2013.09.20"]

1. c4 e5 2. g3 g6 3. Bg2 Bg7 4. Nc3 f5 5. d3 Nf6 6. e4 O-O 7. Nge2 d6 8. O-O c5
9. exf5 gxf5 10. Bg5 Nc6 11. Nd5 Be6 12. Nec3 Qd7 13. f4 Rae8 14. Rb1 Kh8 15.
h3 Nd4 16. b4 Nxd5 17. cxd5 Bg8 18. fxe5 Bxe5 19. Bf4 Qg7 20. Kh2 Bxf4 21. gxf4
Re3 22. bxc5 dxc5 23. Kh1 b6 24. Rb2 Rfe8 25. Rd2 Qg3 26. Qh5 Re1 27. Ne4 fxe4
28. Qxe8 Nf3 0-1

[Event "131st YMCA Autumn A"]
[Site "Warszawa"]
[Date "2013.11.30"]
[Round "11"]
[White "Szymczak, Rafal"]
[Black "Zurkowski, Andrzej"]
[Result "1/2-1/2"]
[WhiteElo "2086"]
[BlackElo "2003"]
[Annotator "Admin"]
[PlyCount "20"]
[EventDate "2013.09.20"]
[EventType "tourn"]
[EventRounds "1"]
[EventCountry "POL"]
[SourceDate "2013.09.20"]

1. f4 d5 2. Nf3 Nf6 3. g3 g6 4. Bg2 Bg7 5. O-O O-O 6. d3 c5 7. Nc3 Nc6 8. Ne5
Nxe5 9. fxe5 Ng4 10. Nxd5 Nxe5 $11 1/2-1/2